000 00945nam a2200217 a 4500
001 001097695
003 AM-YeHGA
005 20250617151600.0
008 150821s1976 ||| r 000 0 rus d
040 _aAM-YeHGA
041 0 _arus
100 1 _aМейерхольд, Всеволод Эмильевич
245 1 0 _aПереписка :
_b1896-1939 /
_cВступит. ст. Ю.А. Завадского; Сост. В.П. Коршунова и М.М. Ситковецкая.
260 _aМосква :
_bИскусство,
_c1976.
300 _a464 с. :
_bил.
650 0 0 _aМейерхольд, Всеволод Эмильевич
653 0 _aДеятели советского искусства - Письма, воспоминания
700 1 _aЗавадский, Юрий Александрович
_eавт. вступит. ст.
_4aui
700 1 _aСитковецкая, М.М.
_eсост.
_4com
090 _c356020
999 _c354203
_d354203